书目信息 |
| 题名: |
日本语能力测试冲刺试卷
|
|
| 作者: | 日本语能力测试命题研究组 编著 | |
| 分册: | 2级 | |
| 出版信息: | 南京 东南大学出版社 2007.04 |
|
| 页数: | 40页 | |
| 开本: | 24cm | |
| 丛书名: | ||
| 单 册: | ||
| 中图分类: | H369 | |
| 科图分类: | ||
| 主题词: | 日语 | |
| 电子资源: | ||
| ISBN: | 978-7-5641-0535-8 | |
| 000 | 00914 nam 000265 | |
| 001 | 0100010395 | |
| 005 | 20130604164649.62 | |
| 010 | @a978-7-5641-0535-8@dCNY18.00 | |
| 100 | @a20100802d1997 em y0chiy0121 ea | |
| 101 | @achi | |
| 102 | @aCN@b110000 | |
| 105 | @ay z 000yy | |
| 200 | 10 | @a日本语能力测试冲刺试卷@Ari ben yu neng li ce shi chong ci shi juan@h2级@f日本语能力测试命题研究组编著@Fri ben yu neng li ce shi ming ti yan jiu zu bian zhu |
| 205 | @a第2版 | |
| 210 | @a南京@c东南大学出版社@d2007.04 | |
| 215 | @a40页@d24cm | |
| 330 | @a日本语能力测试冲刺试卷是专为学习日本语的学生而编著的,为他们考试级别而编著的。 | |
| 410 | 0 | @12001 |
| 540 | @a日本语能力测试冲刺试卷 | |
| 606 | @a日语 | |
| 690 | @aH369@v4 | |
| 701 | 0 | @a日本语能力测试命题研究组@Ari ben yu neng li ce shi ming ti yan jiu zu@4编著 |
| 801 | @aCN@bDYGS@c20100803 | |
| 901 | @a210902 | |
| 905 | @b972082-6@dH369@eR638:2=2@f5 | |
| 日本语能力测试冲刺试卷.2级/日本语能力测试命题研究组编著.-第2版.-南京:东南大学出版社,2007.04 |
| 40页;24cm |
| ISBN 978-7-5641-0535-8:CNY18.00 |
| 日本语能力测试冲刺试卷是专为学习日本语的学生而编著的,为他们考试级别而编著的。 |
| ● |
| 相关链接 |
|
|
|
正题名:日本语能力测试冲刺试卷
索取号:H369/R638:2=2
 
预约/预借
| 序号 | 登录号 | 条形码 | 馆藏地/架位号 | 状态 | 备注 |
| 1 | 972082 | 209720827 | 语言库209/209语言库 130排2列4层/ [索取号:H369/R638:2=2] | 在馆 | |
| 2 | 972083 | 209720836 | 语言库209/209语言库 130排2列4层/ [索取号:H369/R638:2=2] | 在馆 | |
| 3 | 972084 | 209720845 | 自科二线504/504自科库 28排1列1层/ [索取号:H369/R638:2=2] | 在馆 | |
| 4 | 972085 | 209720854 | 语言库209/209语言库 130排2列4层/ [索取号:H369/R638:2=2] | 在馆 | |
| 5 | 972086 | 209720863 | 语言库209/209语言库 130排2列4层/ [索取号:H369/R638:2=2] | 在馆 | |
| 6 | 972095 | 209720954 | 语言库209/ [索取号:H369/R638:2=2] | 在馆 | |
| 7 | 972096 | 209720963 | 语言库209/ [索取号:H369/R638:2=2] | 在馆 |